000 00757nam a2200217Ia 4500
003 GCL
008 140319s9999 xx 000 0 ara d
020 _a311301977
040 _aGCL /
_cGCL
082 0 4 _a940.18
_bو ح
100 1 _aوليم الصورى
245 1 0 _aالحروب الصليبية (1094 - 1184م ) ( الكتاب جزءان ) /
_cوليم الصورى
700 1 _aحسن حبشى
260 _aالقاهرة :
_bالهيئة المصرية العامة للكتاب ،
_c1991
300 _aمتعدد ؛
_c20 سم
490 _aتاريخ المصريين
_v55
650 0 4 _aالحروب الصليبية
650 0 4 _aالتاريخ الاسلامى
650 0 4 _aالصليبيون - بيت المقدس
942 _2ddc
_cBK
999 _c46589
_d46589